000 00536nam a2200181Ia 4500
003 GCL
008 140319s9999 xx 000 0 eng d
040 _aGCL /
_cGCL
082 0 4 _a690
_bH C
100 1 _aHOLES, LESLIE
245 1 0 _aCREATING THE BUILT ENVIRONMENT: AN INTRODUCTION TO THE PRACTICOLITIES OF DESIGNING, CONSTRUCTING AND OWING BUILDINGS /
_cHOLES, LESLIE
260 _a[S.N] :
_bE & FN SPON
300 _a411 P
650 0 4 _aBUILDINGS
650 0 4 _aARCHITECTURE
650 0 4 _aSTRUCTURAL ENGINEERING
942 _2ddc
_cBK
999 _c15980
_d15980